00262nam a2200097Ia 4500008004100000100002400041245003100065260004200096260000900138999001700147170620s9999 xx 000 0 und d aKumar- Anil (Hindi) 0aShiksha Manovigyan (Hindi) bNew Delhi- Discovery Publishing House c2004 c24536d24536